01220 a2200229 45000010006000000050017000060080041000230030015000640400040000790800053001192450161001720200022003332640041003553000019003965050362004150410008007771000033007857000019008187000022008377000032008598560099008915010920260407155801.0260407a2019 arg spa dAR-UNSa-BCEJYS aAR-UNSa-BCEJYSbspacAR-UNSa-BCEJYS a633.88xPlantas medicinales. Hierbas medicinales10aPlantas que hablan, plantas que curanpestudio etnobotánico y aportes al conocimiento de la salud del departamento La Poma (Provincia de Salta, Argentina) a978-987-1929-98-6 1aSalta :bMundo Gráfico Saltac2019 a249 p.c23 cm. a1. Introducción - 2. Metodología - 3. Plantas que hablan de un territorio - 4. Las perspectivas de la población - 5. Plantas que hablan, plantas que curan - 6. Flora de las plantas medicinales del territorio - 7. Diálogos acerca de la salud. Reflexiones finales - 9. Glosario del nombre científico de las plantas medicinales - 10. Bibliografía - aspa1 aRodríguez Echazú, Sandra1 aOliva, Valeria1 aPeduzzi, Mónica1 aSanz Aguilar Peduzzi, Oscar41uhttps://www.biblioeco.unsa.edu.ar/pmb/images/libros/L128247.jpgyImagen de portadaqimage/jpeg